Практические занятия по математике: учебное пособие

Бібліографічні деталі
Автор: Богомолов Н. В. Николай Васильевич
Резюме:Настоящее пособие представляет собой руководство к решению задач по всем разделам программы по математике для техникумов на базе неполной и полной средней школы. Основное назначение пособия — помочь студенту самостоятельно, без помощи преподавателя, изучить приемы решения задач по математике, закрепить и углубить навыки, приобретенные при решении этих задач. Для студентов средних профессиональных учебных заведений. Может быть использовано студентами колледжей.
Мова:Російська
Опубліковано: Москва, Юрайт, 2013
Редагування:11-е изд., перераб. и доп.
Серія:Бакалавр. Базовый курс
Предмети:
Формат: Книга
KOHA link:https://koha.lib.tpu.ru/cgi-bin/koha/opac-detail.pl?biblionumber=237343

MARC

LEADER 00000nam0a2200000 4500
001 237343
005 20231101231530.0
010 |a 9785991626484 
035 |a (RuTPU)RU\TPU\book\258515 
035 |a RU\TPU\book\164167 
090 |a 237343 
100 |a 20130514d2013 m y0rusy50 ca 
101 0 |a rus 
102 |a RU 
105 |a a j 000zy 
200 1 |a Практические занятия по математике  |e учебное пособие  |f Н. В. Богомолов 
205 |a 11-е изд., перераб. и доп. 
210 |a Москва  |c Юрайт  |d 2013 
215 |a 496 с.  |c ил. 
225 1 |a Бакалавр. Базовый курс 
330 |a Настоящее пособие представляет собой руководство к решению задач по всем разделам программы по математике для техникумов на базе неполной и полной средней школы. Основное назначение пособия — помочь студенту самостоятельно, без помощи преподавателя, изучить приемы решения задач по математике, закрепить и углубить навыки, приобретенные при решении этих задач. Для студентов средних профессиональных учебных заведений. Может быть использовано студентами колледжей. 
606 1 |a Математика  |2 stltpush  |3 (RuTPU)RU\TPU\subj\67327  |9 83171 
610 1 |a вычислительная математика 
610 1 |a алгебра 
610 1 |a математический анализ 
610 1 |a системы уравнений 
610 1 |a системы неравенств 
610 1 |a функции 
610 1 |a числовые последовательности 
610 1 |a пределы 
610 1 |a производные 
610 1 |a тригонометрические функции 
610 1 |a дифференциалы 
610 1 |a неопределенные интегралы 
610 1 |a определенные интегралы 
610 1 |a дифференциальные уравнения 
610 1 |a комбинаторика 
610 1 |a теория вероятностей 
610 1 |a геометрия 
610 1 |a векторы 
610 1 |a многогранники 
610 1 |a ряды 
610 1 |a ряды Фурье 
610 1 |a двойные интегралы 
610 1 |a задачи 
610 1 |a решения 
610 1 |a практические пособия 
610 1 |a учебные пособия 
675 |a 51(076)  |v 3 
700 1 |a Богомолов  |b Н. В.  |g Николай Васильевич 
801 1 |a RU  |b 63413507  |c 20090122  |g PSBO 
801 2 |a RU  |b 63413507  |c 20150430  |g PSBO 
900 |a Математика 
900 |a Высшая математика 
942 |c BK 
952 |l 8 
959 |a 10/20090122  |d 2  |e 357,50  |f АНЛ:1  |f ЧЗТЛ:1